Statistics for An Oregonian Version Of The World Map - April Fools Quiz

Click here to take the quiz!

General Stats

  • This quiz has been taken 149 times
  • The average score is 16 of 17

Answers on the Map

Answers color-coded by a green-red scale on the quiz's map according to % correct below.
 

Answer Stats

Country% Correct
America
99%
Nice People Land
99%
Alaska
98%
Britain
98%
Mexico
98%
Mother Russia
98%
Oregon
98%
Brazil
97%
Egypt
97%
Germany
97%
Italy
97%
Asia
96%
France
96%
Snakes
96%
Ireland
95%
Madagascar
95%
Portland
60%

Score Distribution

Percentile by Number Answered

Percent of People with Each Score

Your Score History

You have not taken this quiz